Las nuevas reglas del marketing: use el marketing de relaciones personales y será el líder de su industría / Frederick Newell (Registro nro. 1218)

Detalles MARC
000 -LEADER
fixed length control field 00608nam a22002051a 4500
001 - CONTROL NUMBER
control field 1218
003 - CONTROL NUMBER IDENTIFIER
control field OSt
005 - DATE AND TIME OF LATEST TRANSACTION
control field 20260204211726.0
008 - FIXED-LENGTH DATA ELEMENTS--GENERAL INFORMATION
fixed length control field 040117s1997||||mx ||||||b||||||||||spa||
020 ## - NUMERO DE LIBRO INTERNACIONAL NORMALIZADO
International Standard Book Number 9701017757
050 ## - LIBRARY OF CONGRESS CALL NUMBER
Classification number 658.8 N441n
082 ## - DEWEY DECIMAL CLASSIFICATION NUMBER
Classification number 658.8 N441n
100 ## - ASIENTO PRINCIPAL -- NOMBRE PERSONAL
Personal name Newell, Frederick
245 ## - TÍTULO PROPIAMENTE DICHO: SUBTÍTULO
Title Las nuevas reglas del marketing: use el marketing de relaciones personales y será el líder de su industría / Frederick Newell
264 ## - PRODUCTION, PUBLICATION, DISTRIBUTION, MANUFACTURE, AND COPYRIGHT NOTICE
Place of production, publication, distribution, manufacture México : McGraw-Hill
300 ## - PHYSICAL DESCRIPTION
Extensión 315 p.
500 ## - GENERAL NOTE
General note Incluye indice
650 ## - ASIENTO SECUNDARIO DE MATERIA -- TERMINO TEMÁTICO
Termino Temático Como Elemento de Entrada 1.Administración de Marketing 2.MarketingÌ
942 ## - ADDED ENTRY ELEMENTS (KOHA)
Source of classification or shelving scheme Dewey Decimal Classification
Koha item type Libros
Existencias
Withdrawn status Lost status Source of classification or shelving scheme Damaged status Not for loan Current library Date acquired Total Checkouts Full call number Barcode Date last seen Price effective from Koha item type
    Dewey Decimal Classification     Biblioteca UTECO 09/09/2019   658.8 N441N 004507 09/09/2019 09/09/2019 Libros
© 2021 Derechos Reservados UTECO - Teléfono: +1 809-585-2291 - Correo electrónico: biblioteca@uteco.edu.do​  
Código postal 43000 ​​
Dirección: Avenida Universitaria No. 100, 
Cotuí, Provincia Sánchez Ramírez, República Dominicana - RNC: 404-00059-6